Epidemiológia špeciálna epidemiológia a nemocničné infekcie

Bibliographic Details
Main Authors: Pospišil, Rastislav (Author), Prokopčáková, Helena, 1938- (Author)
Format: Book
Language:Slovak
PhysicalDescription:203 s. grafy, mp., sch., tab. 29 cm
Published: Bratislava Slovenské pedagogické nakladateľstvo 29 cm
Edition:1. vyd.
Series:Vysokoškolské skriptá
Subjects:

MARC

LEADER 00000cam a2200000 a 4500
001 vtls001101995
003 SK-MaSNL
005 20260301233144.0
008 240315s1981 xo da e n 00000 slo
015 |a SNBA1981 
035 |a SNK000044837 
040 |a SNK  |b slo  |c SNK  |e AACR2 
041 0 |a slo 
044 |a xo  |c SK 
080 |a 616.9-036.22(075.8)  |2 1981 
100 1 |a Pospišil, Rastislav  |4 aut  |9 297248 
245 1 0 |a Epidemiológia  |b špeciálna epidemiológia a nemocničné infekcie  |c Rastislav Pospišil, Helena Prokopčáková 
250 |a 1. vyd. 
260 |a Bratislava  |b Slovenské pedagogické nakladateľstvo  |c 29 cm 
300 |a 203 s.  |b grafy, mp., sch., tab.  |c 29 cm 
366 |e 700 výt. 
490 1 |a Vysokoškolské skriptá 
500 |a Vyd. pre UPJŠ, Košice 
504 |a Bibliogr. odkazy 
650 0 7 |a epidemiológia  |2 SNKPH  |9 836 
655 7 |a učebnice vysokých škôl  |2 SNKPH  |9 70191 
700 1 |a Prokopčáková, Helena,  |d 1938-  |4 aut  |9 38709 
710 2 |a Univerzita Pavla Jozefa Šafárika v Košiciach  |4 pbl  |9 166726 
810 2 |a Univerzita Pavla Jozefa Šafárika v Košiciach  |t Vysokoškolské skriptá  |9 423496 
830 0 |a Vysokoškolské skriptá  |9 276440 
958 |a OND 
958 |a TL 
958 |a UV 
958 |a NB 
999 |c 964821  |d 966751 
952 |a SNK  |b SNK  |y PREZ  |7 0  |p 17A1001126  |o snkSB 31891  |i snkKSP 4875/81  |0 0  |1 0  |4 0  |d 2012-07-25  |l 0  |r 2025-04-04 00:00:00  |w 2026-02-24 
952 |t P60, <04>, [BOOK], {604}  |a SNK  |b SNK  |y VYP  |7 0  |p 17A0166926  |o snkSB 31891 D1  |i snkKSP 4876/81  |0 0  |1 0  |4 0  |d 1998-10-27  |l 0  |r 2004-12-31 00:00:00  |w 2026-02-24